[Event "XVI Festival A"]
[Site "Trieste ITA"]
[Date "2014.09.04"]
[Round "8"]
[White "Sumets, Andrey"]
[Black "Larmuseau, Maarten"]
[WhiteElo "2622"]
[BlackElo "2236"]
[Result "1-0"]
[PlyCount "65"]
[EventDate "2014.08.30"]

1. e4 d6 2. d4 Nf6 3. Nc3 g6 4. f4 Bg7 5. Nf3 c5 6. dxc5 Qa5 7. Qd4 dxc5 8. Qc4
O-O 9. e5 Be6 10. Qa4 Qxa4 11. Nxa4 Nfd7 12. Be3 f6 13. Nxc5 Nxc5 14. Bxc5 Nc6
15. exf6 Rxf6 16. Ng5 Rb8 17. Bd3 Bf5 18. O-O Bxd3 19. cxd3 Rf5 20. Ba3 Nd4 21.
Bxe7 Ne2+ 22. Kh1 Re8 23. Bd6 h6 24. Ne4 Bd4 25. g4 Rb5 26. Rab1 Rc8 27. f5
gxf5 28. gxf5 Rc2 29. Ba3 Be5 30. f6 Kf7 31. Rf5 Ke6 32. Rbf1 Nd4 33. Rxe5+ 1-0

[Event "XVI Festival A"]
[Site "Trieste ITA"]
[Date "2014.09.04"]
[Round "8"]
[White "Tagliaferri, Valerio"]
[Black "Zamar Kodelja, Jurij"]
[WhiteElo "1909"]
[BlackElo "2013"]
[Result "0-1"]
[PlyCount "80"]
[EventDate "2014.08.30"]

1. d4 Nf6 2. c4 c5 3. e3 g6 4. Nc3 Bg7 5. Nf3 O-O 6. Be2 cxd4 7. exd4 d5 8. b3
Nc6 9. Bb2 Bf5 10. O-O e6 11. Ne5 h5 12. c5 Nxe5 13. dxe5 Nd7 14. Na4 Nxe5 15.
f4 Nc6 16. Bxg7 Kxg7 17. Rc1 Qf6 18. Bf3 Rad8 19. g3 Be4 20. Bxe4 dxe4 21. Qe2
Qd4+ 22. Kg2 Qd2 23. Rc2 Qxe2+ 24. Rxe2 f5 25. Nb2 Rd5 26. Rc1 Rfd8 27. Kf2 e5
28. fxe5 Nxe5 29. Rc3 Ng4+ 30. Kg1 Ne5 31. b4 Nf3+ 32. Kh1 h4 33. Kg2 Rd2 34.
Rce3 h3+ 35. Kf1 Nxh2+ 36. Kg1 Nf3+ 37. Kf2 Rxe2+ 38. Rxe2 Rh8 39. Nc4 h2 40.
Nd6 h1=Q 0-1

[Event "XVI Festival A"]
[Site "Trieste ITA"]
[Date "2014.09.04"]
[Round "8"]
[White "Tratar, Marko"]
[Black "Jovanic, Ognjen"]
[WhiteElo "2490"]
[BlackElo "2461"]
[Result "1/2-1/2"]
[PlyCount "21"]
[EventDate "2014.08.30"]

1. Nf3 Nf6 2. c4 c6 3. Nc3 d5 4. d4 dxc4 5. a4 Bf5 6. e3 e6 7. Bxc4 Nbd7 8. O-O
Bb4 9. Nh4 O-O 10. Nxf5 exf5 11. Qc2 1/2-1/2

[Event "XVI Festival A"]
[Site "Trieste ITA"]
[Date "2014.09.04"]
[Round "8"]
[White "Vidic, Miha"]
[Black "Baiocchi, Emanuele"]
[WhiteElo "2100"]
[BlackElo "1870"]
[Result "1-0"]
[PlyCount "63"]
[EventDate "2014.08.30"]

1. d4 d5 2. c4 c6 3. Nf3 Nf6 4. Qc2 e6 5. e3 Be7 6. Nc3 O-O 7. b3 Nbd7 8. Be2
b6 9. O-O Bb7 10. Bb2 Rc8 11. Rfd1 Qc7 12. Rac1 Rfd8 13. Qb1 Qb8 14. Bf1 Bf8
15. Bd3 Bd6 16. g3 dxc4 17. bxc4 c5 18. d5 exd5 19. cxd5 Ne5 20. Nxe5 Bxe5 21.
Bf5 Rc7 22. Nb5 Re7 23. d6 Bxd6 24. Bxf6 gxf6 25. Bxh7+ Kf8 26. Qf5 Kg7 27. Rc4
Bf4 28. Qg4+ Bg5 29. Bb1 Rxd1+ 30. Qxd1 Qa8 31. Nd6 Bh1 32. e4 1-0

[Event "XVI Festival A"]
[Site "Trieste ITA"]
[Date "2014.09.04"]
[Round "8"]
[White "Wallis, Christopher"]
[Black "Eggleston, David J."]
[WhiteElo "2348"]
[BlackElo "2398"]
[Result "1/2-1/2"]
[PlyCount "40"]
[EventDate "2014.08.30"]

1. e4 c5 2. Nf3 d6 3. Bb5+ Nd7 4. d4 cxd4 5. Qxd4 a6 6. Bxd7+ Bxd7 7. O-O Rc8
8. Nc3 e5 9. Qd3 h6 10. a4 Nf6 11. a5 Be7 12. b3 O-O 13. Nd2 Qc7 14. Nc4 Be6
15. Nd5 Nxd5 16. exd5 Bd7 17. Nb6 Rce8 18. f4 Bf6 19. Nxd7 Qxd7 20. Ra4 exf4
1/2-1/2

[Event "XVI Festival A"]
[Site "Trieste ITA"]
[Date "2014.09.05"]
[Round "9"]
[White "Altini, Nicola"]
[Black "Srebrnic, Vojko"]
[WhiteElo "2413"]
[BlackElo "2191"]
[Result "1-0"]
[PlyCount "39"]
[EventDate "2014.08.30"]

1. e4 c5 2. Nf3 e6 3. b3 b6 4. Bb2 Bb7 5. Nc3 Nf6 6. Qe2 Nc6 7. e5 Ng4 8. Ne4
Be7 9. h3 Nh6 10. g4 f6 11. exf6 gxf6 12. g5 Ng8 13. O-O-O h6 14. g6 Kf8 15.
Rg1 Kg7 16. Ng3 h5 17. Nh4 Nd4 18. Bxd4 cxd4 19. Ngf5+ exf5 20. Nxf5+ 1-0

[Event "XVI Festival A"]
[Site "Trieste ITA"]
[Date "2014.09.05"]
[Round "9"]
[White "Baiocchi, Emanuele"]
[Black "Ludovici, Roberto"]
[WhiteElo "1870"]
[BlackElo "1835"]
[Result "1-0"]
[PlyCount "51"]
[EventDate "2014.08.30"]

1. e4 c5 2. Nc3 e6 3. g3 Nc6 4. Bg2 a6 5. d3 Nf6 6. Be3 Be7 7. h3 d5 8. exd5
exd5 9. Bg5 Be6 10. Nge2 h6 11. Bxf6 Bxf6 12. O-O O-O 13. Nf4 Bxc3 14. bxc3 Qd7
15. Re1 Rfe8 16. Qf3 Rad8 17. Re2 g5 18. Nh5 Qe7 19. Nf6+ Kg7 20. Nxe8+ Rxe8
21. Rae1 Qd7 22. Qh5 b5 23. f4 f6 24. Bxd5 Qxd5 25. Qxe8 Bxh3 26. Re7+ 1-0

[Event "XVI Festival A"]
[Site "Trieste ITA"]
[Date "2014.09.05"]
[Round "9"]
[White "Blasco, Domenico"]
[Black "Tagliaferri, Valerio"]
[WhiteElo "1874"]
[BlackElo "1909"]
[Result "1/2-1/2"]
[PlyCount "108"]
[EventDate "2014.08.30"]

1. d4 Nf6 2. Nf3 e6 3. e3 b6 4. Bd3 Bb7 5. O-O Be7 6. Nbd2 d5 7. b3 O-O 8. Bb2
Nbd7 9. Ne5 Rc8 10. Qf3 c5 11. Qh3 cxd4 12. Nxd7 Qxd7 13. Bxd4 h6 14. Nf3 Rfd8
15. Ne5 Qe8 16. Ng4 Nxg4 17. Qxg4 Bf8 18. f4 Bc6 19. Qe2 Bd6 20. a4 e5 21. fxe5
Bxe5 22. Qh5 Bxd4 23. exd4 Qe3+ 24. Kh1 Rc7 25. Qf5 g6 26. Qf6 Qe7 27. Qf4 Kg7
28. Rae1 Qd6 29. Qh4 Rdd7 30. Rf3 Re7 31. Ref1 Bd7 32. Rf6 Be6 33. Qf2 Rcd7 34.
h4 Rd8 35. h5 g5 36. Kg1 Qd7 37. Qg3 Qc7 38. Qf3 Qd7 39. Bf5 Bxf5 40. Rxf5 Qc7
41. Re5 Rd6 42. Rf2 Rxe5 43. dxe5 Re6 44. Qxd5 Qxe5 45. Qxe5+ Rxe5 46. Rd2 Rc5
47. c4 Rc6 48. Kf2 Re6 49. Rd7 a5 50. Rd5 Kf6 51. c5 bxc5 52. Rxc5 Re5 53. Rc6+
Re6 54. Rc5 Re5 1/2-1/2

[Event "XVI Festival A"]
[Site "Trieste ITA"]
[Date "2014.09.05"]
[Round "9"]
[White "Cherin, Diego"]
[Black "Vidic, Miha"]
[WhiteElo "2247"]
[BlackElo "2100"]
[Result "0-1"]
[PlyCount "54"]
[EventDate "2014.08.30"]

1. e4 c5 2. Nf3 e6 3. d4 cxd4 4. Nxd4 a6 5. c4 Nf6 6. Nc3 d6 7. Be2 Be7 8. O-O
Nbd7 9. f4 O-O 10. Be3 Qc7 11. Rc1 b6 12. a3 Bb7 13. Bf3 Rac8 14. b4 Qb8 15.
Qd3 Rc7 16. Nb3 Rfc8 17. Nd2 Bc6 18. a4 Qa8 19. Rb1 Bb7 20. Rb3 Kh8 21. Rfb1 g5
22. g3 gxf4 23. gxf4 Rg8+ 24. Kh1 Ng4 25. Bg1 Qf8 26. Nd1 Qh6 27. Ne3 Qxh2+ 0-1

[Event "XVI Festival A"]
[Site "Trieste ITA"]
[Date "2014.09.05"]
[Round "9"]
[White "De Schampheleire, Glen"]
[Black "Makka, Ioulia"]
[WhiteElo "2307"]
[BlackElo "2124"]
[Result "1-0"]
[PlyCount "107"]
[EventDate "2014.08.30"]

1. c4 e5 2. Nc3 Nc6 3. g3 d6 4. Bg2 Nge7 5. d3 Be6 6. Nd5 Qd7 7. Rb1 Nd8 8. Nc3
d5 9. Nf3 f6 10. cxd5 Nxd5 11. O-O Nxc3 12. bxc3 Bxa2 13. Ra1 Be6 14. d4 exd4
15. cxd4 Bb4 16. Qc2 c6 17. e4 O-O 18. d5 cxd5 19. exd5 Bh3 20. Bxh3 Qxh3 21.
Qb3 Bc5 22. Bf4 Qd7 23. d6+ Nf7 24. Rad1 Kh8 25. Qd5 b6 26. h4 Rae8 27. Nd4 Ne5
28. Nb3 Bb4 29. Rd4 a5 30. Rc1 Re6 31. Rc7 Rxd6 32. Rxd7 Rxd5 33. R4xd5 Nxd7
34. Rxd7 a4 35. Rd4 Bc3 36. Rxa4 h6 37. Rc4 Bb2 38. Rb4 g5 39. hxg5 hxg5 40.
Bd6 Re8 41. Rxb6 Kg7 42. Bc5 Rd8 43. Kg2 Rd5 44. Be3 Be5 45. Kf3 Kg6 46. Ke4
Rd1 47. Nd4 Ra1 48. Nc6 Bc7 49. Ne7+ Kf7 50. Rb7 Ra4+ 51. Bd4 Ba5 52. Nc6+ Ke6
53. Ra7 Ra3 54. Rxa5 1-0

[Event "XVI Festival A"]
[Site "Trieste ITA"]
[Date "2014.09.05"]
[Round "9"]
[White "Drazic, Sinisa"]
[Black "Sumets, Andrey"]
[WhiteElo "2433"]
[BlackElo "2622"]
[Result "0-1"]
[PlyCount "86"]
[EventDate "2014.08.30"]

1. e4 c5 2. Nf3 d6 3. d4 cxd4 4. Nxd4 Nf6 5. Nc3 Nc6 6. Be3 Ng4 7. Bc4 Nxe3 8.
fxe3 e6 9. O-O Be7 10. Qh5 O-O 11. Bb3 Ne5 12. Rad1 g6 13. Qh3 a6 14. Nf3 Bf6
15. Ne2 Nxf3+ 16. gxf3 Bxb2 17. f4 Qe7 18. Qg3 Bg7 19. h4 a5 20. a4 Bd7 21. Nd4
Rac8 22. h5 Rc3 23. hxg6 hxg6 24. Rd3 Rc5 25. Rf2 Rh5 26. Rg2 Kh8 27. Rh2 Rxh2
28. Qxh2+ Kg8 29. Nf3 Bf6 30. Qd2 Bc6 31. Rxd6 Bxe4 32. Kf2 Rd8 33. Rxd8+ Qxd8
34. Qxd8+ Bxd8 35. Ne5 Bc7 36. Nd3 Bd6 37. Ke2 Kf8 38. Kd2 Ke7 39. Kc3 f6 40.
Kd4 Bc6 41. c4 g5 42. Bd1 gxf4 43. exf4 Bxf4 0-1

[Event "XVI Festival A"]
[Site "Trieste ITA"]
[Date "2014.09.05"]
[Round "9"]
[White "Franca, Veronika"]
[Black "Plenca, Jadranko"]
[WhiteElo "1952"]
[BlackElo "2184"]
[Result "0-1"]
[PlyCount "76"]
[EventDate "2014.08.30"]

1. d4 Nf6 2. c4 e5 3. dxe5 Ng4 4. Bf4 g5 5. Bg3 Bg7 6. Nf3 Nc6 7. Nc3 Ngxe5 8.
Nxe5 Nxe5 9. e3 d6 10. Rc1 h5 11. h4 g4 12. Bxe5 dxe5 13. Qxd8+ Kxd8 14. Rd1+
Bd7 15. Bd3 Kc8 16. Nd5 Re8 17. e4 c6 18. Ne3 Kc7 19. O-O Be6 20. Nf5 Bxf5 21.
exf5 Bf6 22. g3 e4 23. Bc2 e3 24. Rfe1 exf2+ 25. Kxf2 Bxb2 26. Rxe8 Rxe8 27.
Re1 Bd4+ 28. Kf1 Rxe1+ 29. Kxe1 Kd6 30. Ke2 Ke5 31. Bd3 Bc5 32. Bc2 Kd4 33. Bb3
Kc3 34. Kf1 f6 35. Ke2 a5 36. Kf1 Kb4 37. Ke2 a4 38. Bc2 Ka3 0-1

[Event "XVI Festival A"]
[Site "Trieste ITA"]
[Date "2014.09.05"]
[Round "9"]
[White "Franciskovic, Borka"]
[Black "Dvirnyy, Danyyil"]
[WhiteElo "2318"]
[BlackElo "2530"]
[Result "1/2-1/2"]
[PlyCount "20"]
[EventDate "2014.08.30"]

1. c4 g6 2. g3 Bg7 3. Bg2 e6 4. Nf3 d5 5. d4 Ne7 6. O-O O-O 7. Nc3 Nbc6 8. e3
b6 9. b3 Bb7 10. cxd5 exd5 1/2-1/2

[Event "XVI Festival A"]
[Site "Trieste ITA"]
[Date "2014.09.05"]
[Round "9"]
[White "Horvath, Jozsef"]
[Black "Tratar, Marko"]
[WhiteElo "2501"]
[BlackElo "2490"]
[Result "1/2-1/2"]
[PlyCount "53"]
[EventDate "2014.08.30"]

1. Nf3 Nf6 2. d4 e6 3. e3 b6 4. Bd3 Bb7 5. O-O Be7 6. c4 O-O 7. Nc3 d5 8. b3 c5
9. Bb2 cxd4 10. exd4 Nc6 11. Re1 Re8 12. Rc1 Bf8 13. Bf1 Rc8 14. Na4 dxc4 15.
bxc4 Ne7 16. Ne5 Ng6 17. c5 Nxe5 18. dxe5 Qxd1 19. Rexd1 Nd5 20. cxb6 Nxb6 21.
Nxb6 axb6 22. Bd4 Rxc1 23. Rxc1 Ra8 24. Bxb6 Bd5 25. Rc7 Rxa2 26. Rc8 Ra8 27.
Rxa8 1/2-1/2

[Event "XVI Festival A"]
[Site "Trieste ITA"]
[Date "2014.09.05"]
[Round "9"]
[White "Jovanic, Ognjen"]
[Black "Kozul, Zdenko"]
[WhiteElo "2461"]
[BlackElo "2608"]
[Result "1/2-1/2"]
[PlyCount "109"]
[EventDate "2014.08.30"]

1. d4 Nf6 2. c4 g6 3. Nc3 Bg7 4. Nf3 d6 5. Bg5 h6 6. Bh4 g5 7. Bg3 Nh5 8. e3 c5
9. d5 Qa5 10. Qc2 a6 11. Rc1 Nd7 12. a4 Ndf6 13. Nd2 O-O 14. Be2 Rb8 15. O-O
Nxg3 16. hxg3 e6 17. dxe6 Bxe6 18. Rfd1 Rfd8 19. Nde4 Nxe4 20. Nxe4 Bf5 21. b3
Bg6 22. Rd5 b5 23. cxb5 Qb4 24. Bd3 Bxe4 25. Bxe4 axb5 26. axb5 Rxb5 27. Rb1
Rb6 28. Bd3 Qc3 29. Qxc3 Bxc3 30. Bc4 Kg7 31. Rc1 Be5 32. f4 Bf6 33. Rcd1 Be7
34. Ra1 Rd7 35. e4 Rc7 36. Rad1 g4 37. Rf5 Bf6 38. e5 dxe5 39. fxe5 Bg5 40.
Rdf1 Rbb7 41. e6 fxe6 42. Bxe6 Re7 43. Bc4 Be3+ 44. Kh2 Rbd7 45. Bd5 Rd6 46.
Bf7 Rb6 47. Bc4 Rbb7 48. Rf8 Bg5 49. Rg8+ Kh7 50. Rff8 Rbd7 51. Rh8+ Kg6 52.
Rhg8+ Rg7 53. Bb5 Rxg8 54. Rxg8+ Rg7 55. Be8+ 1/2-1/2

[Event "XVI Festival A"]
[Site "Trieste ITA"]
[Date "2014.09.05"]
[Round "9"]
[White "Larmuseau, Maarten"]
[Black "Lodici, Lorenzo"]
[WhiteElo "2236"]
[BlackElo "2150"]
[Result "1/2-1/2"]
[PlyCount "64"]
[EventDate "2014.08.30"]

1. e4 c5 2. c3 d5 3. exd5 Qxd5 4. d4 Nc6 5. Nf3 Bf5 6. Be2 cxd4 7. cxd4 Bxb1 8.
Rxb1 e6 9. a3 Nf6 10. b4 Bd6 11. O-O O-O 12. Bb2 Rfe8 13. b5 Ne7 14. Nd2 Ng6
15. g3 Rac8 16. a4 e5 17. Bf3 e4 18. Bg2 Bb4 19. Rc1 Rxc1 20. Qxc1 Bxd2 21.
Qxd2 Ne5 22. Qc3 Nc4 23. Ba1 h6 24. Rc1 Nb6 25. a5 Rc8 26. Qe1 Rxc1 27. Qxc1
Nc4 28. Qc3 Qxb5 29. Bf1 Qb1 30. Qxc4 Qxa1 31. Qc8+ Kh7 32. Qf5+ Kg8 1/2-1/2

[Event "XVI Festival A"]
[Site "Trieste ITA"]
[Date "2014.09.05"]
[Round "9"]
[White "Mazi, Leon"]
[Black "Larmuseau, Michiel"]
[WhiteElo "2361"]
[BlackElo "2143"]
[Result "1/2-1/2"]
[PlyCount "110"]
[EventDate "2014.08.30"]

1. e4 e6 2. d4 d5 3. exd5 exd5 4. Bd3 Bd6 5. Qf3 Nf6 6. h3 Be6 7. Ne2 Nbd7 8.
Bf4 Qe7 9. Nbc3 c6 10. O-O-O O-O-O 11. Rhe1 Bxf4+ 12. Nxf4 g5 13. Nfe2 Qd6 14.
Qg3 Qxg3 15. Nxg3 Rde8 16. Rf1 Rhg8 17. Nge2 Nf8 18. f4 g4 19. f5 Bd7 20. h4
Nh5 21. Kd2 h6 22. b4 Nh7 23. b5 N7f6 24. bxc6 Bxc6 25. Nf4 Ng3 26. Rfe1 Kc7
27. Re5 Nfe4+ 28. Bxe4 dxe4 29. Nfd5+ Kb8 30. Ne7 f6 31. Nxc6+ bxc6 32. Rb1+
Ka8 33. Rc5 e3+ 34. Kd3 Rg7 35. Rxc6 Nxf5 36. Nd5 e2 37. Re1 Nxh4 38. Rxe2 Rxe2
39. Kxe2 Nxg2 40. Rxf6 h5 41. c4 Kb8 42. c5 Rd7 43. Nb4 a5 44. Rf8+ Ka7 45.
Nc6+ Kb7 46. Nxa5+ Kc7 47. Kf2 Nh4 48. Nb3 Nf3 49. Rh8 Nxd4 50. Rxh5 g3+ 51.
Kxg3 Nxb3 52. axb3 Rd3+ 53. Kf4 Rxb3 54. Ke4 Rg3 55. Kd5 Rg6 1/2-1/2

[Event "XVI Festival A"]
[Site "Trieste ITA"]
[Date "2014.09.05"]
[Round "9"]
[White "Moroni, Luca jr"]
[Black "Popchev, Milko"]
[WhiteElo "2344"]
[BlackElo "2240"]
[Result "1-0"]
[PlyCount "111"]
[EventDate "2014.08.30"]

1. Nf3 d6 2. d4 Bg4 3. e4 e6 4. c4 c6 5. Nc3 Nf6 6. Be2 Be7 7. O-O O-O 8. Be3
d5 9. Nd2 Bxe2 10. Qxe2 dxe4 11. Ndxe4 Nxe4 12. Nxe4 Nd7 13. a3 Nf6 14. Nc3 Qa5
15. Rfe1 Rad8 16. b4 Qc7 17. Rab1 a6 18. Rec1 Rd7 19. Qf3 Rfd8 20. h3 Qb8 21.
Re1 Rc8 22. Bf4 Qa7 23. Be5 b5 24. c5 Rdd8 25. Rbd1 Qd7 26. Rd3 Ne8 27. Qe2 Bf8
28. h4 Ra8 29. h5 a5 30. Qf3 axb4 31. axb4 Ra6 32. Ne4 f6 33. Nxf6+ gxf6 34.
Bxf6 Nxf6 35. Qxf6 Bg7 36. Qg5 h6 37. Qg6 Qf7 38. Rxe6 Qxg6 39. Rxg6 Kh7 40.
Rd6 Rxd6 41. cxd6 Ra1+ 42. Kh2 Ra8 43. d5 Be5+ 44. Kh3 Bxd6 45. dxc6 Bxb4 46.
c7 Ba5 47. Ra3 b4 48. Rxa5 Rc8 49. Rb5 Kg7 50. Rxb4 Rxc7 51. f4 Kf6 52. Rb6+
Kf5 53. g4+ Kxf4 54. Rf6+ Ke5 55. Rxh6 Rc1 56. Kh4 1-0

[Event "XVI Festival A"]
[Site "Trieste ITA"]
[Date "2014.09.05"]
[Round "9"]
[White "Santeramo, Alessia Carmen"]
[Black "Barp, Alberto"]
[WhiteElo "2059"]
[BlackElo "2030"]
[Result "1/2-1/2"]
[PlyCount "33"]
[EventDate "2014.08.30"]

1. e4 e6 2. d4 d5 3. Nc3 Nf6 4. Bg5 Bb4 5. e5 h6 6. Bd2 Bxc3 7. bxc3 Ne4 8. Qg4
Kf8 9. Bd3 Nxd2 10. Kxd2 c5 11. Nf3 c4 12. Be2 Nc6 13. h4 b5 14. a3 a5 15. Qf4
Rb8 16. Rhb1 Qe7 17. Qe3 1/2-1/2

[Event "XVI Festival A"]
[Site "Trieste ITA"]
[Date "2014.09.05"]
[Round "9"]
[White "Simoni, Giulio"]
[Black "Hrescak, Ivana"]
[WhiteElo "1845"]
[BlackElo "2020"]
[Result "1/2-1/2"]
[PlyCount "49"]
[EventDate "2014.08.30"]

1. e4 c5 2. Nf3 d6 3. d4 cxd4 4. Nxd4 Nf6 5. Nc3 g6 6. Be3 Bg7 7. f3 Nc6 8. Qd2
O-O 9. O-O-O d5 10. Nxc6 bxc6 11. exd5 cxd5 12. Nxd5 Nxd5 13. Qxd5 Qc7 14. Qc5
Qb7 15. Qa3 Bf5 16. Ba6 Qc6 17. Bd3 Rab8 18. c3 Rfc8 19. Bxf5 gxf5 20. Rd3 Qb5
21. Kc2 e6 22. Rb1 a5 23. Qb3 Qc6 24. Qa3 Qb5 25. Qb3 1/2-1/2

[Event "XVI Festival A"]
[Site "Trieste ITA"]
[Date "2014.09.05"]
[Round "9"]
[White "Stark, Lars"]
[Black "Lyell, Mark"]
[WhiteElo "2453"]
[BlackElo "2202"]
[Result "1/2-1/2"]
[PlyCount "151"]
[EventDate "2014.08.30"]

1. c4 e5 2. g3 Nf6 3. Bg2 h6 4. a3 c6 5. d4 exd4 6. Qxd4 d5 7. cxd5 cxd5 8. Nf3
Nc6 9. Qa4 Bc5 10. O-O O-O 11. b4 Bb6 12. Bb2 Re8 13. Qd1 Bg4 14. Nc3 Qe7 15.
h3 Bxf3 16. Bxf3 Nd4 17. Na4 Nxf3+ 18. exf3 Bc7 19. Rc1 Be5 20. Re1 Qd6 21.
Bxe5 Rxe5 22. Rxe5 Qxe5 23. Kg2 Rd8 24. Qd2 d4 25. Rd1 b6 26. Nb2 Qd5 27. Qc1
Qe6 28. Qc4 Qxc4 29. Nxc4 Ne8 30. Ne5 Rd6 31. f4 Nc7 32. Rc1 d3 33. Rd1 Nb5 34.
a4 Nc3 35. Rxd3 Rxd3 36. Nxd3 Nxa4 37. Kf3 Kf8 38. Ke4 a5 39. Kd4 axb4 40. Nxb4
Ke7 41. Nd3 Kd6 42. Ne5 f6 43. Nc4+ Kc6 44. Ne3 Nc5 45. f5 b5 46. Nc2 Kd6 47.
f4 Na6 48. Na3 Kc6 49. Nc2 Nb8 50. Kd3 Kd5 51. Nd4 b4 52. Ne6 g5 53. Nc7+ Kd6
54. Ne8+ Ke7 55. Nc7 gxf4 56. gxf4 Kd6 57. Ne8+ Ke7 58. Nc7 Nc6 59. Nd5+ Kf7
60. Ne3 b3 61. Nc4 Nb4+ 62. Kc3 Nd5+ 63. Kxb3 Nxf4 64. Kc3 Nxh3 65. Kd4 h5 66.
Ke3 Kg7 67. Nd6 Ng5 68. Kf4 h4 69. Kg4 h3 70. Kg3 Kf8 71. Nc4 Ke7 72. Ne3 Kf7
73. Ng4 Ke7 74. Nf2 Kd6 75. Ng4 Ke7 76. Nf2 1/2-1/2

[Event "XVI Festival A"]
[Site "Trieste ITA"]
[Date "2014.09.05"]
[Round "9"]
[White "Viola, Enrico"]
[Black "Heikkila, Antti"]
[WhiteElo "1821"]
[BlackElo "1953"]
[Result "1-0"]
[PlyCount "39"]
[EventDate "2014.08.30"]

1. e4 d6 2. d4 Nf6 3. Bd3 g6 4. Ne2 Bg7 5. O-O O-O 6. f4 b6 7. c4 c5 8. d5 e6
9. Nbc3 exd5 10. cxd5 Re8 11. Ng3 Ng4 12. Nce2 c4 13. Bc2 b5 14. h3 Qb6+ 15.
Kh1 Nf2+ 16. Rxf2 Qxf2 17. Bd2 Nd7 18. a4 Nc5 19. Be1 Qe3 20. Nf1 1-0

[Event "XVI Festival A"]
[Site "Trieste ITA"]
[Date "2014.09.05"]
[Round "9"]
[White "Vovk, Andrey"]
[Black "Wallis, Christopher"]
[WhiteElo "2614"]
[BlackElo "2348"]
[Result "1-0"]
[PlyCount "93"]
[EventDate "2014.08.30"]

1. e4 e6 2. d4 d5 3. Nd2 Nf6 4. e5 Nfd7 5. c3 c5 6. Bd3 Nc6 7. Ne2 cxd4 8. cxd4
f6 9. exf6 Nxf6 10. Nf3 Bd6 11. O-O Qc7 12. Bd2 O-O 13. Rc1 Bd7 14. Ng3 Rae8
15. Bc3 Qb8 16. Re1 e5 17. Qb3 Kh8 18. dxe5 Nxe5 19. Nxe5 Bxe5 20. Bxe5 Rxe5
21. Rxe5 Qxe5 22. Qb4 Kg8 23. Qxb7 Qd4 24. Rd1 Qa4 25. Qb3 Qxb3 26. axb3 Rb8
27. Bc2 Kf7 28. f3 Ke7 29. Kf2 g5 30. Ke3 h5 31. Ra1 Rb7 32. Kd4 h4 33. Nf5+
Bxf5 34. Bxf5 Rxb3 35. Rxa7+ Kd6 36. Ra6+ Ke7 37. Re6+ Kf7 38. Re2 Rb4+ 39. Kc5
Rf4 40. Be6+ Kg6 41. b3 d4 42. h3 d3 43. Rd2 Re4 44. fxe4 Nxe4+ 45. Kd4 Nxd2
46. Kxd3 Nf1 47. Bd7 1-0

[Event "XVI Festival A"]
[Site "Trieste ITA"]
[Date "2014.09.05"]
[Round "9"]
[White "Zuttioni, Federico"]
[Black "Suc, Timothy"]
[WhiteElo "2096"]
[BlackElo "2122"]
[Result "1/2-1/2"]
[PlyCount "81"]
[EventDate "2014.08.30"]

1. e4 c5 2. Nf3 d6 3. g3 Nc6 4. Bg2 g6 5. O-O Bg7 6. d3 e5 7. c3 Nge7 8. Be3
O-O 9. Na3 Rb8 10. d4 exd4 11. cxd4 Bg4 12. dxc5 dxc5 13. Bxc5 Qa5 14. Bxe7
Nxe7 15. h3 Be6 16. Qe2 b5 17. e5 Rfc8 18. Rfc1 Rxc1+ 19. Rxc1 Bxa2 20. Rc5 a6
21. Ng5 Qb6 22. b4 Be6 23. Nxe6 Qxe6 24. Nc2 Rd8 25. Qe4 Qd7 26. Ne3 h5 27. g4
Qd4 28. Qb7 Rd7 29. Qxa6 Bxe5 30. gxh5 Bd6 31. Rxb5 Bf4 32. Qa8+ Rd8 33. Qf3
gxh5 34. Rxh5 Qxb4 35. Qg4+ Ng6 36. Rf5 Rd4 37. Qh5 Bxe3 38. fxe3 Qe1+ 39. Rf1
Qxe3+ 40. Kh1 Rh4 41. Qf3 1/2-1/2

[Event "XXXIX Coppa A"]
[Site "Cagliari ITA"]
[Date "2014.09.20"]
[Round "1"]
[White "Sonis, Francesco"]
[Black "Caddeo, Pierluigi"]
[WhiteElo "2074"]
[BlackElo "1648"]
[Result "1-0"]
[EventDate "2014.09.20"]

1. d4 Nf6 2. Nf3 e6 3. g3 d5 4. Bg2 Be7 5. O-O O-O 6. c4 c5 7. cxd5 exd5 8. 
Nc3 c4 9. Ne5 a6 10. e4 Be6 11. Re1 Qd6 12. Bf4 Qd8 13. exd5 Nxd5 14. Nxd5 
Bxd5 15. Bxd5 Qxd5 16. Rc1 b5 17. a3 Rd8 18. Qe2 Bf6 19. Nxc4 Nd7 20. Ne3 
Qxd4 21. Bc7 Rdc8 22. Red1 Qxb2 23. Rc2 Qxa3 24. Rxd7 Qb3 25. Rcd2 Qb1+ 26. 
Rd1 Qe4 27. Qh5 Ra7 28. Qxf7+ Kh8 29. Rd8+ 1-0

[Event "XXXIX Coppa A"]
[Site "Cagliari ITA"]
[Date "2014.09.21"]
[Round "2"]
[White "Giannoni, Federico"]
[Black "Sonis, Francesco"]
[WhiteElo "1780"]
[BlackElo "2074"]
[Result "0-1"]
[EventDate "2014.09.20"]

1. e4 c5 2. Nc3 d6 3. g3 Nc6 4. Bg2 g6 5. d3 Bg7 6. Be3 e6 7. Qd2 Nd4 8. Nge2 
Ne7 9. Nd1 Nec6 10. c3 Nxe2 11. Qxe2 Bd7 12. O-O O-O 13. f4 Re8 14. Qd2 Qb6 
15. b4 Ne7 16. Rb1 Qc7 17. bxc5 dxc5 18. Nf2 Rad8 19. g4 b6 20. f5 exf5 21. 
exf5 gxf5 22. Bf4 Qc8 23. Nh3 Ng6 24. Bh6 fxg4 25. Bxg7 Kxg7 26. Ng5 f5 27. 
Bd5 Re7 28. Rbe1 Rde8 29. Rxe7+ Rxe7 30. Nf7 Rxf7 31. Bxf7 Kxf7 32. Qh6 Qf8 
33. Qxh7+ Qg7 34. Qxg7+ Kxg7 35. d4 c4 36. Re1 Kf7 37. Kf2 Nf4 38. Re3 Nd3+ 
39. Kf1 f4 40. Re2 f3 0-1

[Event "XXXIX Coppa A"]
[Site "Cagliari ITA"]
[Date "2014.09.21"]
[Round "3"]
[White "Sonis, Francesco"]
[Black "Serra, Emanuele"]
[WhiteElo "2074"]
[BlackElo "1826"]
[Result "0-1"]
[EventDate "2014.09.20"]

1. d4 e5 2. dxe5 d6 3. Nf3 Nc6 4. e4 Bg4 5. Bb5 Nh6 6. Nc3 Be7 7. h3 Bh5 8. exd6
 cxd6 9. Qd5 Bg6 10. Bxh6 gxh6 11. Nd4 O-O 12. Bxc6 bxc6 13. Nxc6 Qd7 14. Nxe7+
 Qxe7 15. Rd1 Rfe8 16. O-O Qh4 17. Qxd6 Re6 18. Qg3 Qe7 19. f4 f5 20. exf5 Qc5+
 21. Kh2 Qxf5 22. Qf3 Rae8 23. g4 Qxc2+ 24. Rf2 Be4 25. Qg3 Qxd1 26. Nxd1 Rd6 27.
 Re2 Kf7 28. Nc3 Bc6 29. Rxe8 Bxe8 30. Qf2 Bc6 31. Qxa7+ Kg6 32. f5+ Kf6 33. Qf2
 Rd3 34. Qb6 Rd2+ 35. Kg1 0-1

[Event "XXXIX Coppa A"]
[Site "Cagliari ITA"]
[Date "2014.09.27"]
[Round "4"]
[White "Messina, Giuseppe Ottavio"]
[Black "Sonis, Francesco"]
[WhiteElo "1974"]
[BlackElo "2074"]
[Result "0-1"]
[EventDate "2014.09.20"]

1. e4 c5 2. Nc3 d6 3. f4 g6 4. Nf3 Bg7 5. Bc4 Nc6 6. O-O e6 7. d3 Nge7 8. Qe1
 O-O 9. Qh4 d5 10. f5 Nxf5 11. Qh3 dxc4 12. exf5 exf5 13. Bg5 f6 14. Bh6 f4
 15. Qh4 g5 16. Qh5 Bf5 17. Bxg7 Kxg7 18. Nh4 Bg6 19. Nxg6 hxg6 20. Qf3 cxd3
 21. Rad1 c4 22. cxd3 Ne5 23. Qxb7+ Rf7 24. Qd5 Qxd5 25. Nxd5 cxd3 26. Rc1 Rd7
 27. Nc7 Rb8 28. Ne6+ Kf7 29. Nc5 Rd5 30. Nb3 Rb7 31. Rfd1 a5 32. Rc8 Rbb5 33.
 Rc7+ Ke6 34. Rd2 a4 35. Nc1 Rbc5 36. Rxc5 Rxc5 37. Rd1 Rd5 38. Rd2 Nc4 39.
 Rxd3 Nxb2 40. Rc3 Rd1+ 41. Kf2 Rxc1 0-1

[Event "XXXIX Coppa A"]
[Site "Cagliari ITA"]
[Date "2014.09.27"]
[Round "5"]
[White "Sonis, Francesco"]
[Black "Sanna, Yuri"]
[WhiteElo "2074"]
[BlackElo "1832"]
[Result "1-0"]
[EventDate "2014.09.20"]

1. Nf3 d5 2. g3 Nc6 3. d4 Bf5 4. Bg2 Qd7 5. c3 f6 6. Bf4 g5 7. Be3 Bh3 8. 
Bxh3 Qxh3 9. Nbd2 Nh6 10. Qa4 Nf5 11. Nb3 g4 12. Nh4 Nxh4 13. gxh4 a6 14. Nc5 
b5 15. Qb3 Qg2 16. O-O-O Na5 17. Qc2 Nc4 18. Qf5 Nxe3 19. fxe3 1-0

[Event "XXXIX Coppa A"]
[Site "Cagliari ITA"]
[Date "2014.09.28"]
[Round "6"]
[White "Neri, Enzo"]
[Black "Sonis, Francesco"]
[WhiteElo "2006"]
[BlackElo "2074"]
[Result "0-1"]
[EventDate "2014.09.20"]

1. d4 f5 2. c4 Nf6 3. Nc3 g6 4. g3 Bg7 5. Bg2 d6 6. Nf3 O-O 7. O-O Qe8 8. d5 
c6 9. Nd4 Bd7 10. Qd3 Na6 11. Rd1 Nc5 12. Qd2 a5 13. dxc6 bxc6 14. Nb3 Nce4 
15. Nxe4 Nxe4 16. Qc2 a4 17. Nd2 Nc5 18. Rb1 f4 19. gxf4 Rxf4 20. Ne4 Rxe4 
21. Bxe4 Nxe4 22. f3 Nc5 23. Be3 Bf5 0-1